Central Library OPAC University of Rajshahi

An Exploratory study of Islami bank Bangladesh Ltd. : (Record no. 79521)

MARC details
000 -LEADER
fixed length control field 01353nam a22003017a 4500
001 - CONTROL NUMBER
RUCL Control Number 79521
003 - CONTROL NUMBER IDENTIFIER
rucl marc code BD-RjUL
005 - DATE AND TIME OF LATEST TRANSACTION
control field 20220421124406.0
008 - FIXED-LENGTH DATA ELEMENTS--GENERAL INFORMATION
fixed length control field 220308s2002 bg |||| m||| 00| 0 eng d
035 ## - SYSTEM CONTROL NUMBER
system control number (BD-RjUL)79521
040 ## - CATALOGING SOURCE
Original cataloging agency BD-RjUL
Language of cataloging eng
Transcribing agency BD-RjUL
Modifying agency BD-RjUL
041 ## - LANGUAGE CODE
Language code of Book eng
082 ## - DEWEY DECIMAL CLASSIFICATION NUMBER
DDC Edition number 23
Classification number 332.123
Author mark and Year MAE 2002
100 ## - MAIN ENTRY--PERSONAL NAME
Personal name Mazid, Md. Abdul
9 (RLIN) 1766
245 10 - TITLE STATEMENT
Title An Exploratory study of Islami bank Bangladesh Ltd. :
Remainder of title Entrepreneurship Investment and Poverty Alleviation Perspectives /
Statement of responsibility, etc Md. Abdul Mazid ;
Name of Supervisor/Co-Supervisor Principal Supervisor: Md. Abdullah el Harun ; Co-Supervisor: Syed Zabid Hossain
260 ## - PUBLICATION, DISTRIBUTION, ETC. (IMPRINT)
Place of publication, distribution, etc Rajshahi :
Name of publisher, distributor, etc Department of Accounting, University of Rajshahi,
Date of publication, distribution, etc 2002
300 ## - PHYSICAL DESCRIPTION
Pagination xxii, 248 leaves :
Other physical details ill, ;
Dimensions 29.cm.
502 ## - DISSERTATION NOTE
Dissertation note Thesis (Ph. D.) -- Department of Accounting, University of Rajshahi, 2002
504 ## - BIBLIOGRAPHY, ETC. NOTE
Bibliography, etc Bibliography : Leaves 200 - 211
600 ## - SUBJECT ADDED ENTRY--PERSONAL NAME
Geographic subdivision
-- 2640
650 ## - SUBJECT ADDED ENTRY--TOPICAL TERM
Topical term or geographic name as entry element Islami Bank Bangladesh.
9 (RLIN) 2464
Topical term or geographic name as entry element Banks and banking
Geographic subdivision Bangladesh.
Topical term or geographic name as entry element Financial institutions
Geographic subdivision Bangladesh.
9 (RLIN) 2641
Topical term or geographic name as entry element Banks and banking
General subdivision Religious aspects
-- Islam.
700 ## - ADDED ENTRY--SUPERVISOR/CO-SUPERVISOR NAME
Personal name Harun, Md. Abdullah el, Principal Supervisor
9 (RLIN) 1769
Personal name Hossain, Syed Zabid, Co-Supervisor
9 (RLIN) 1770
942 ## - ADDED ENTRY ELEMENTS (KOHA)
Source of classification or shelving scheme Dewey Decimal Classification
Koha item type Theses
Holdings
Source of classification or shelving scheme Damaged status Not for loan Collection code Permanent Location Current Location Shelving location Date of accession Source of acquisition Total Checkouts Full call number Barcode Date last seen Copy number Thesis
Dewey Decimal Classification   Not For Loan Theses Central Library, University of Rajshahi Central Library, University of Rajshahi Documentation Section 24/10/2004 Controller of Exam. R.U   THE 332.123 MAE 2002 D2353 08/03/2022 C-1 Theses